| 000 | 02122cam a22003971a 4500 | ||
|---|---|---|---|
| 001 | he 68002486 | ||
| 003 | DLC | ||
| 005 | 20260227111502.0 | ||
| 008 | 970826m19649999is 000 0 hebo | ||
| 010 | _ahe 68002486 | ||
| 035 | _a(CStRLIN)DCLH97-B1614 | ||
| 040 |
_aDLC _cDLC _dDLC-R _dDLC |
||
| 050 | 0 | 0 |
_aBM522.93 _b.O8 1963 |
| 066 | _c(2 | ||
| 100 | 1 |
_6880-01 _aYosef, Ovadia. |
|
| 240 | 1 | 0 |
_6880-02 _aSheʼelot u-teshuvot Yabiʻa omer |
| 245 | 1 | 0 |
_6880-03 _aSefer Sheʼelot u-teshuvot Yabiʻa omer : _bkolel sheʼelot u-teshuvot ṿe-ḥiḳre halakhot u-verure dinim la-halakhah ule-maʻaśeh : ʻal arbaʻah ḥelḳe ha-Shulḥan ʻarukh ... / _cḥibartiṿ ṿa-ʻarakhtiṿ ʻOvadyah Yosef. |
| 246 | 3 | 0 |
_6880-04 _aSheʼelot u-teshuvot Yabiʻa omer |
| 246 | 1 |
_6880-05 _iVol. 7-<11> have title: _aSefer Yabiʻa omer |
|
| 246 | 1 | 7 |
_6880-06 _aYabiʻa omer |
| 246 | 1 | 8 |
_6880-07 _aShut Yabiʻa omer |
| 260 |
_6880-08 _aYerushalayim : _bha-Yeshivah ha-gedolah "Porat Yosef" be-siyuʻa Mosad ha-Rav Ḳuḳ, _c<724-769 [1963 or 1964-2009]> |
||
| 300 |
_av. <4-11> ; _c35 cm. |
||
| 500 | _a"Mahadurat Rennerṭ"--V. 11. | ||
| 500 | _aVol. 9-<11> published: Mekhon "Meʼor Yiśraʼel." | ||
| 500 | _aVol. 11 called "Ḥeleḳ ha-mafteḥot." | ||
| 650 | 0 |
_aResponsa _y1800-1948. |
|
| 880 | 1 |
_6100-01/(2/r _aיוסף, עובדיה. |
|
| 880 | 1 | 0 |
_6240-02/(2/r _aשאלות ותשובות יביע אומר |
| 880 | 1 | 0 |
_6245-03/(2/r _aספר שאלות ותשובות יביע אומר : _bכולל שאלות ותשובות וחקרי הלכות ובירורי דינים להלכה ולמעשה : על ארבעה חלקי השלחן ערוך ... / _cחברתיו וערכתיו עובדיה יוסף. |
| 880 | 3 | 0 |
_6246-04/(2/r _aשאלות ותשובות יביע אומר |
| 880 | 1 |
_6246-05/(2/r _iVol. 7-<11> have title: _aספר יביע אומר |
|
| 880 | 1 | 7 |
_6246-06/(2/r _aיביע אומר |
| 880 | 1 | 8 |
_6246-07/(2/r _aשו״ת יביע אומר |
| 880 |
_6260-08/(2/r _aירושלים : _bהישיבה הגדולה ״פורת יוסף״ בסיוע מוסד הרב קוק, _c<724-769 [1963 or 1964-2009]> |
||
| 999 |
_c33619 _d33619 |
||